000 003250000a22001450004500
003 MACL
040 _aMACL
090 _c32292
_d32290
100 _aJhabvala , Noshirvan H.
245 _aThe Negotiable Instruments Act
260 _bC. Jamnadas & Company
350 _a60
650 _aEconomics
942 _cBOOK
_k332.76/Jha
999 _c31963
_d31963